[Event "Fall Chess Classic-B 2018"]
[Site "Saint Louis"]
[Date "2018.10.11"]
[Round "2"]
[White "Chandra, Akshat"]
[Black "Yoo, Christopher Woojin"]
[Result "1-0"]
[WhiteElo "2471"]
[BlackElo "2410"]
[Annotator "TA"]
[PlyCount "81"]
[EventDate "2018.10.10"]
[EventType "tourn"]
[EventCountry "USA"]
[SourceTitle "playchess.com"]
[Source "ChessBase"]
[SourceQuality "1"]

{[%evp 16,81,39,40,45,38,54,55,69,67,64,68,133,137,135,140,119,20,12,0,0,0,0,0,21,20,76,77,137,141,166,176,180,152,204,204,204,200,441,437,499,-190,491,481,633,633,625,621,608,605,568,485,29959,29964,29962,29966,29973,29972,29978,29979,29979,29980,29982,29983,29983,29974,29974,29975]} 1. e4 c5 2. Nf3 d6 3. d4 cxd4 4. Nxd4 Nf6 5. Nc3 a6 6. g3 e5 7. Nde2 b5 8. Nd5 {B91: Sicilian Najdorf: 6 g3} Nxd5 9. Qxd5 {LiveBook: 3 Games} Ra7 10. Be3 {White is slightly better.} Rd7 $146 ({Predecessor:} 10... Be6 11. Qd2 Rd7 12. Nc3 d5 13. Nxd5 Bxd5 14. exd5 Rxd5 15. Qc3 Be7 {1-0 (42) Grigoriants,S (2568)-Sonis,F (2425) Caleta 2018}) 11. Bh3 Rc7 12. Bxc8 Qxc8 13. Qd3 Rxc2 ({Black should try} 13... Nd7 $14) 14. Nc3 $1 $16 Rxb2 15. O-O $1 {Threatens to win with Rfc1.} Qc4 16. Qxc4 ({Only move:} 16. Qd1 $1 $16) 16... bxc4 $11 17. Rab1 Rxb1 18. Rxb1 Nd7 19. Rb7 Be7 20. Ra7 Bd8 (20... Nb8 $11 {remains equal.}) 21. Rxa6 $16 Nf6 ({Black should play} 21... Ke7) 22. Ra7 Ng4 23. a4 $1 {[%cal Ba2a4,Ba4a5,Ba5a6][%mdl 32]} Nxe3 24. fxe3 $18 {[%mdl 4096] Endgame KRB-KRN} O-O (24... d5 $16) 25. a5 f5 26. exf5 e4 $2 {[#]} (26... Rxf5 27. Kg2 Bg5) 27. Ra8 $1 Bc7 {[#]} 28. Rxf8+ $1 Kxf8 {KB-KN} 29. a6 {a7 is the strong threat.} Bb8 30. Kf2 Ke7 31. Nb5 d5 32. a7 Bxa7 33. Nxa7 {KN-KP} Kd6 (33... Kf6 $18 34. Ke2 Kxf5) 34. Nb5+ {White mates.} Ke5 35. Nd4 Kf6 36. g4 g6 37. fxg6 Kxg6 38. Kg3 c3 39. h4 h6 40. Kf2 Kf6 41. Ke2 {Precision: White = 82%, Black = 22%.} 1-0

[Event "Fall Chess Classic-B 2018"]
[Site "Saint Louis"]
[Date "2018.10.11"]
[Round "2"]
[White "Jacobson, Brandon"]
[Black "Zierk, Steven"]
[Result "1/2-1/2"]
[WhiteElo "2412"]
[BlackElo "2506"]
[Annotator "TA"]
[PlyCount "71"]
[EventDate "2018.10.10"]
[EventType "tourn"]
[EventCountry "USA"]
[SourceTitle "playchess.com"]
[Source "ChessBase"]
[SourceQuality "1"]

{[%evp 10,71,87,68,76,66,79,70,69,28,28,25,47,20,48,52,81,-106,60,60,51,-110,0,0,40,15,9,12,24,19,14,14,16,14,24,8,12,6,16,0,0,-28,17,14,9,7,7,0,15,15,15,12,24,0,13,11,15,0,0,0,0,0,0,0]} 1. e4 e6 2. d4 d5 3. Nc3 Bb4 4. e5 Qd7 5. Qg4 f5 6. Qh5+ g6 {C16: French: 3 Nc3 Bb4 4 e5: Lines without ...c5} 7. Qd1 (7. Qf3 Nc6 8. Nge2 b6 9. a3 Bf8 10. h4 h6 11. Be3 Bb7 12. Nf4 Nge7 13. O-O-O O-O-O 14. g4 {1-0 (49) Zelcic,R (2532)-Haub,T (2458) Belgium 2014}) 7... b6 8. h4 h6 {White is slightly better.} 9. a3 Bxc3+ $146 ({Predecessor:} 9... Bf8 10. b4 Nc6 11. Nh3 Bb7 12. Be3 O-O-O 13. Bd3 Kb8 14. Ne2 {½-½ (47) Karner,H (2365)-Vooremaa,A (2390) Tallinn 1989}) 10. bxc3 Nc6 11. Nh3 Qf7 12. c4 Ba6 13. Nf4 $2 (13. cxd5 $16 {keeps the pressure on.} Bxf1 14. Kxf1 exd5 15. g3) 13... Bxc4 $2 (13... dxc4 $17 14. Qf3 Kd7) 14. Bxc4 $14 dxc4 15. d5 $2 (15. Qe2 $1 $14 {keeps the upper hand.}) 15... O-O-O ({Black should try} 15... exd5 $17 {aiming for ...0-0-0.} 16. Bb2 {[#]} (16. Qxd5 Qxd5 17. Nxd5 O-O-O $17) 16... c3 $1 {[%mdl 512]} 17. Bxc3 d4) 16. Nxe6 $11 Rd7 17. Bb2 {[#] And now Qf3 would win.} c3 $1 $132 {[%cal Rc3b2][%mdl 2048] Black is not keeping still} 18. Bxc3 Nge7 19. Nxc7 Nxd5 20. Nxd5 Rxd5 21. Qe2 {Black must now prevent e6.} Re8 22. O-O Rc5 $1 {[%cal Rc5c3]} 23. Bb2 Qc4 24. Qxc4 Rxc4 25. Rad1 Rxc2 26. Rd6 Nd8 27. Bc1 Rc6 28. Bxh6 Rxe5 29. Rxc6+ Nxc6 {[%mdl 4096] Endgame KRB-KRN} 30. Rd1 Re6 31. Bf4 b5 {The position is equal.} 32. Rd5 a6 33. h5 gxh5 34. Rxf5 Nd4 35. Rc5+ Rc6 36. Rxc6+ {Precision: White = 37%, Black = 53%.} 1/2-1/2

[Event "Fall Chess Classic-B 2018"]
[Site "Saint Louis"]
[Date "2018.10.12"]
[Round "3"]
[White "Moradiabadi, Elshan"]
[Black "Gabuzyan, Hovhannes"]
[Result "1/2-1/2"]
[WhiteElo "2534"]
[BlackElo "2592"]
[Annotator "TA"]
[PlyCount "60"]
[EventDate "2018.10.10"]
[EventType "tourn"]
[EventCountry "USA"]
[SourceTitle "playchess.com"]
[Source "ChessBase"]
[SourceQuality "1"]

{[%evp 9,60,20,30,31,26,36,37,36,39,29,64,64,55,53,64,56,66,34,45,19,22,13,26,0,0,0,0,0,0,0,0,0,0,0,0,0,0,0,0,0,0,0,0,0,0,0,0,0,2,2,2,0,0]} 1. d4 Nf6 2. c4 c6 3. Nf3 b5 (3... d5 4. e3 Bf5 5. Nc3 a6 6. c5 h6 7. b4 Nbd7 8. Bb2 e6 9. a4 Be7 10. Bd3 Bxd3 11. Qxd3 O-O 12. O-O Ne8 13. b5 Nc7 {1-0 (22) Paravyan,D (2629)-Antipov,M (2593) Moscow 2018}) 4. cxb5 cxb5 5. e3 a6 6. Bd3 {A50: Queen's Fianchetto Defence (1 d4 Nf6 2 c4 b6)} Bb7 7. O-O e6 8. Nbd2 {[%cal Bb1d2,Bd2b3,Bb3a5][%mdl 32] White is slightly better.} d5 9. Nb3 Nbd7 10. Bd2 Bd6 11. a3 $146 ({Predecessor:} 11. Rc1 O-O 12. Nc5 Nxc5 13. dxc5 Bc7 {0-1 (52) Schneider,S (2319)-De Francesco,K (2238) Germany 2004}) 11... Qe7 12. Na5 Nb6 13. Qb3 {[#] Black must now prevent Bxb5+!} Nc4 14. Nxb7 Qxb7 15. Bb4 Bxb4 16. Qxb4 a5 {The position is equal.} 17. Qb3 O-O 18. a4 Rfb8 19. axb5 a4 20. Rxa4 Rxa4 21. Qxa4 Nxb2 22. Qc2 Nxd3 23. Qxd3 Qxb5 24. Qxb5 Rxb5 $11 {[%mdl 4096] Endgame KRN-KRN} 25. Rc1 {[#] Rc8+ would kill now.} g6 26. Ne5 Rb7 27. g4 h6 28. Rc2 Nd7 29. Nxd7 Rxd7 30. Kg2 Kg7 {Precision: White = 81%, Black = 81%.} 1/2-1/2

[Event "Fall Chess Classic-B 2018"]
[Site "Saint Louis"]
[Date "2018.10.12"]
[Round "3"]
[White "Zierk, Steven"]
[Black "Chandra, Akshat"]
[Result "1/2-1/2"]
[WhiteElo "2506"]
[BlackElo "2471"]
[Annotator "TA"]
[PlyCount "78"]
[EventDate "2018.10.10"]
[EventType "tourn"]
[EventCountry "USA"]
[SourceTitle "playchess.com"]
[Source "ChessBase"]
[SourceQuality "1"]

{[%evp 17,78,0,9,10,12,0,10,0,11,0,12,0,0,0,5,10,3,0,0,0,0,0,0,0,0,0,0,0,0,0,0,0,0,0,0,-5,0,0,0,0,0,-31,-26,-37,-27,-22,-8,-8,0,-8,-8,-8,-9,-21,0,0,0,0,0,0,0,0,0]} 1. e4 c5 2. Nf3 d6 3. d4 cxd4 4. Nxd4 Nf6 5. Nc3 a6 6. Be2 e5 7. Nb3 Be7 8. Bg5 Be6 9. Bxf6 Bxf6 10. Qd3 {B92: Sicilian Najdorf: 6 Be2} Be7 11. Nd5 (11. Rd1 Nd7 12. Nd5 Bxd5 13. Qxd5 b5 14. Bg4 Nf6 15. Qc6+ Kf8 16. Bh3 g6 17. O-O Kg7 {0-1 (56) Nisipeanu,L (2672)-Giri,A (2782) Dortmund 2018}) 11... Nd7 12. Nxe7 Qxe7 13. O-O-O $146 ({Predecessor:} 13. Rd1 Nf6 14. O-O Rd8 15. c4 O-O 16. Nd2 Nd7 17. Nb1 Nb8 {0-1 (44) Meijers,V (2496)-Berg,E (2592) Liverpool 2008}) 13... Qg5+ 14. Qd2 Qxg2 15. Qe3 Qh3 16. Qxh3 Bxh3 17. Rxd6 Ke7 18. Rhd1 Rhc8 19. Na5 Rc7 20. Nc4 Rac8 21. Ne3 Be6 22. b3 Nf6 23. f3 Rc3 24. R1d3 Rxd3 25. Rxd3 Nh5 26. Rd1 Nf4 27. Bc4 g6 28. a4 Rd8 29. Bd5 Bxd5 30. exd5 $15 {[%mdl 4096] Endgame KRN-KRN} b5 31. c4 bxc4 {The position is equal.} 32. bxc4 Kd6 33. Kc2 Rb8 34. Ng4 f5 35. Nf6 Rc8 36. Kc3 Ne2+ 37. Kd3 $1 {[%cal Rd3e2]} Nf4+ $1 38. Kc3 Ne2+ 39. Kd3 $1 {[%cal Rd3e2]} Nf4+ $1 {Precision: White = 64%, Black = 78%.} 1/2-1/2

[Event "Fall Chess Classic-B 2018"]
[Site "Saint Louis"]
[Date "2018.10.12"]
[Round "3"]
[White "Ashwin, Jayaram"]
[Black "Jacobson, Brandon"]
[Result "1/2-1/2"]
[WhiteElo "2494"]
[BlackElo "2412"]
[Annotator "TA"]
[PlyCount "215"]
[EventDate "2018.10.10"]
[EventType "tourn"]
[EventCountry "USA"]
[SourceTitle "playchess.com"]
[Source "ChessBase"]
[SourceQuality "1"]

{[%evp 15,215,14,28,20,33,24,11,8,4,17,10,-5,141,141,129,104,122,127,150,141,154,147,111,149,126,75,75,73,60,67,50,57,45,5,96,96,84,83,106,95,96,89,89,93,73,49,116,106,96,94,129,46,49,47,41,20,25,25,20,11,11,11,11,11,11,11,11,11,30,14,22,16,20,18,22,22,26,22,26,26,26,26,30,30,30,30,30,30,30,30,30,8,8,0,30,8,8,8,8,0,0,0,0,0,0,0,0,0,0,0,0,0,0,0,0,0,0,0,0,0,0,0,0,0,0,0,0,0,0,0,0,0,0,0,0,0,0,0,0,0,0,0,0,0,0,0,0,0,0,0,0,0,0,0,0,0,0,0,0,0,0,0,0,0,0,0,0,0,0,0,0,0,0,0,0,0,0,0,0,0,0,0,0,0,0,0,0,0,0,0,0,0,0,0,0,0,0,0,0,0,0,0]} 1. Nf3 Nf6 2. g3 b6 3. Bg2 Bb7 4. O-O g6 5. d4 Bg7 6. c4 O-O 7. d5 Ne4 {A50: Queen's Fianchetto Defence (1 d4 Nf6 2 c4 b6)} (7... e6 8. Nc3 Re8 9. Nd4 exd5 10. cxd5 Na6 11. e4 Nc5 12. Re1 Nxd5 13. exd5 Rxe1+ 14. Qxe1 Bxd4 15. Be3 {0-1 (39) Melkumyan,H (2633)-Mamedyarov,S (2799) Riadh 2017}) 8. Nfd2 Nd6 {LiveBook: 3 Games} 9. e4 {[%cal Be2e4,Be4e5][%mdl 32]} e6 $146 ({Predecessor:} 9... Na6 10. Nc3 Nc5 11. Qc2 c6 12. dxc6 Bxc6 13. Re1 Rc8 14. Rb1 b5 15. b4 {½-½ (43) Lintchevski,D (2532)-Chigaev,M (2561) Voronezh 2017}) 10. Re1 exd5 11. cxd5 Re8 12. Nc3 Na6 13. Nf3 c6 (13... Bxc3 $1 $11 {remains equal.} 14. bxc3 Rxe4) 14. e5 $36 {[%mdl 2048] White is in control.} Nc4 {[%cal Rc4e5]} 15. Qd4 cxd5 16. Nxd5 Bxd5 17. Qxd5 Rc8 18. Bg5 Qc7 19. Rec1 Qc6 {[#]} 20. Qxc6 (20. Qd1 $142 $1 {Threatens to win with b3.} Qe6 21. Bf4) 20... Rxc6 21. Nd2 Nxe5 22. Bxc6 dxc6 23. Re1 Nb4 24. f4 Nc2 (24... h6 $1 $11 25. fxe5 hxg5) 25. fxe5 Nxa1 26. Rxa1 Rxe5 27. Bf4 Re2 28. Rb1 Bd4+ 29. Kh1 f6 30. h4 h6 ({Better is} 30... Kf7 $14) 31. Nf3 Bxb2 32. Bxh6 Ba3 33. Nd4 (33. Rd1 $16) 33... Rxa2 $14 34. Nxc6 Bd6 35. Rb3 {And now Rf3 would win.} Kh7 36. Rd3 Bxg3 37. Bd2 Bxh4 38. Rd7+ Kg8 39. Bh6 {[#] Strongly threatening Rg7+.} Bg5 40. Bxg5 fxg5 41. Nxa7 $11 {[%mdl 4096] Endgame KRN-KR} Ra4 42. Rb7 Rf4 43. Rxb6 Kg7 44. Nc6 Rf6 45. Rb7+ Rf7 46. Rb8 Rf8 47. Rb2 g4 48. Kg2 Ra8 49. Kg3 Ra1 50. Ne5 Rg1+ 51. Kf2 Ra1 52. Nxg4 g5 53. Rb6 Ra4 54. Ne5 Rf4+ 55. Ke3 Ra4 {The position is equal.} 56. Rg6+ Kf8 57. Rxg5 Ke7 58. Rg6 Ra1 59. Nc6+ Kf7 60. Rd6 Re1+ 61. Kf4 Rf1+ 62. Ke4 Re1+ 63. Kd5 Rd1+ 64. Nd4 Rh1 65. Ra6 Rh5+ 66. Ke4 Rh4+ 67. Ke5 Rh1 68. Rf6+ Ke7 69. Nf5+ Kd7 70. Rf7+ Kc6 71. Nd4+ Kb6 72. Rf6+ Kb7 73. Kd5 Rd1 74. Rh6 Kc7 75. Rh7+ Kb6 76. Kc4 Rc1+ 77. Kb4 Rd1 78. Rh6+ Kb7 79. Nb3 Rg1 80. Kb5 Rb1 81. Rh7+ Kb8 82. Kc4 Rg1 83. Nc5 Rg4+ 84. Kd5 Rg5+ 85. Kd6 Rg6+ 86. Ne6 Kc8 87. Re7 {Hoping for Kc6.} Rg1 88. Kc6 {[%cal Re7e8]} Rc1+ 89. Nc5 {[%cal Re7e8]} Kb8 90. Re3 Rc2 91. Re1 Rc4 92. Ra1 Rc2 93. Ra3 Rc1 94. Rb3+ Kc8 95. Re3 {[%cal Re3e8]} Kb8 96. Kb6 {[%cal Re3e8]} Rb1+ 97. Nb3 {[%cal Re3e8]} Kc8 98. Rd3 Rb2 99. Kc6 Rc2+ 100. Nc5 Rc1 101. Rd2 (101. Kd6 {with more complications.} Rb1 102. Kd5 Kd8 103. Rh3 Rd1+ 104. Kc6) 101... Kb8 102. Re2 Rc4 103. Re8+ Ka7 104. Re3 Kb8 105. Rb3+ Kc8 106. Re3 {[%cal Re3e8]} Kb8 107. Kb5 Rc1 108. Kb6 {Precision: White = 60%, Black = 76%.} 1/2-1/2

[Event "Fall Chess Classic-B 2018"]
[Site "Saint Louis"]
[Date "2018.10.12"]
[Round "3"]
[White "Boros, Denes"]
[Black "Holt, Conrad"]
[Result "1/2-1/2"]
[WhiteElo "2439"]
[BlackElo "2561"]
[Annotator "TA"]
[PlyCount "60"]
[EventDate "2018.10.10"]
[EventType "tourn"]
[EventCountry "USA"]
[SourceTitle "playchess.com"]
[Source "ChessBase"]
[SourceQuality "1"]

{[%evp 14,60,19,14,45,39,51,38,42,40,37,41,37,1,21,25,14,8,16,15,31,23,51,12,24,10,14,11,16,4,16,0,0,0,0,0,0,0,0,0,0,0,0,0,0,0,0,0,0]} 1. c4 c6 2. Nf3 d5 3. e3 Nf6 4. d4 e6 5. Nbd2 c5 6. dxc5 Bxc5 7. a3 {D30: Queen's Gambit Declined: Systems without Nc3} O-O 8. Bd3 {LiveBook: 8 Games} Nc6 9. b4 {White is slightly better.} Be7 10. Bb2 dxc4 11. Nxc4 a6 12. Nfe5 $146 ({Predecessor:} 12. O-O b5 13. Nce5 Nxe5 14. Nxe5 {½-½ (37) Degerman,L (2490)-Nielsen,P (2500) Hinnerup 1995}) 12... Bd7 13. Qe2 Nxe5 14. Nxe5 Ba4 15. O-O Rc8 16. Rac1 Rxc1 17. Rxc1 Qb8 18. Bc2 Bxc2 19. Qxc2 Rd8 {The position is equal.} 20. g3 Ne8 21. Nc4 Rd7 22. Bd4 Rc7 23. Be5 Bd6 24. Bxd6 Nxd6 25. Nxd6 Rxc2 26. Rxc2 {[#] Threatens to win with Rc8+.} Qxd6 $11 {KQ-KR} 27. Rc8+ Qf8 $1 {[%cal Rf8c8]} 28. Rxf8+ Kxf8 29. Kf1 Ke7 30. Ke2 Kd6 {Precision: White = 62%, Black = 67%.} 1/2-1/2

[Event "Fall Chess Classic-B 2018"]
[Site "Saint Louis"]
[Date "2018.10.12"]
[Round "3"]
[White "Yoo, Christopher Woojin"]
[Black "Azarov, Sergei"]
[Result "1/2-1/2"]
[WhiteElo "2410"]
[BlackElo "2565"]
[Annotator "TA"]
[PlyCount "143"]
[EventDate "2018.10.10"]
[EventType "tourn"]
[EventCountry "USA"]
[SourceTitle "playchess.com"]
[Source "ChessBase"]
[SourceQuality "1"]

{[%evp 28,143,9,16,6,0,12,10,6,2,4,12,9,0,0,-16,-20,-23,-7,-48,-42,-37,-41,-63,-67,-122,-118,-111,-111,-117,-105,-117,-113,-109,-89,-84,-83,-84,-82,-85,-79,-68,-82,-77,-77,-70,-68,-72,-78,-81,-83,-103,-105,-147,-157,-132,-139,-150,-99,-134,-107,-147,-125,-177,-177,-187,-187,-191,0,-191,-166,-183,-135,-154,-74,-238,-238,-238,0,-238,-238,-251,-337,-411,-238,-238,-238,-238,-238,-238,-238,-400,-408,-416,0,0,0,-416,-416,-424,0,0,0,0,0,0,0,0,0,0,0,0,0,0,0,0,0,0]} 1. e4 e5 2. Nf3 Nc6 3. Bb5 a6 4. Ba4 Nf6 5. O-O Be7 6. d3 b5 7. Bb3 O-O 8. Nc3 d6 9. a3 Bg4 10. Be3 Nd4 {C84: Closed Ruy Lopez: Unusual White 6th moves} 11. Bxd4 exd4 12. Nd5 Nd7 (12... Nxd5 13. Bxd5 Rc8 14. a4 c6 15. Bb3 d5 16. h3 Bh5 17. axb5 axb5 18. exd5 {1-0 (47) Karjakin,S (2782)-Aronian,L (2764) Paris 2018}) 13. h3 Bxf3 14. Qxf3 c6 15. Nxe7+ {LiveBook: 16 Games} Qxe7 16. Qg3 Nc5 17. Ba2 Na4 18. Rab1 {[#]} Rac8 $146 19. f4 c5 20. Qg5 (20. f5 {with more complications.} Qf6 21. Qe1 Ra8 22. g4 Rfc8 23. Bd5) 20... Rfe8 21. Qxe7 Rxe7 22. e5 Rd8 23. Rfe1 d5 24. Bb3 Nb6 25. c3 c4 26. Bc2 (26. Bd1 $1 $15) 26... dxc3 $17 27. bxc3 cxd3 $1 28. Bxd3 Rc8 29. Re3 g6 30. Be2 Rc6 31. Bf3 Rec7 32. Rb3 Rc4 33. g3 Kf8 34. Rd3 Ke7 35. Bxd5 Nxd5 36. Rxd5 Rxc3 {[%mdl 4096] Endgame KRR-KRR} 37. Rd3 Rc2 38. Rf3 h5 39. Rbd3 a5 40. Rd5 Rb2 {...Rc1+ is the strong threat.} 41. Rf2 Rb3 42. g4 h4 (42... Rxa3 43. Rxb5 a4 44. Ra5 $17) (42... hxg4 $142 43. hxg4 Rc4) 43. f5 Rc1+ 44. Kh2 Rcc3 $1 (44... Rxa3 45. e6 $15) 45. e6 (45. a4 $17 {was necessary.}) 45... Rxh3+ $19 46. Kg2 Rhg3+ (46... fxe6 47. f6+ Kf7 48. Rd7+ Kf8 49. Rd8+ Kf7 50. Rd7+ Kf8 51. Rd8+ Kf7 52. Rd7+ $11) (46... Rxa3 47. Rd7+ Kf8 48. fxg6 $11) 47. Kh2 Rh3+ (47... fxe6 48. f6+ Kf7 49. Rd7+ Kf8 50. Rd8+ Kf7 51. Rd7+ Kf8 52. Rd8+ Kf7 53. Rd7+ $11) (47... Rxg4 $2 48. Rd7+ Ke8 49. exf7+ Kxd7 50. f8=Q $18) 48. Kg2 Rhd3 $1 {[%cal Rd3d5]} (48... fxe6 49. f6+ Kf8 50. Rd8+ Kf7 51. Rd7+ Kf8 52. Rd8+ Kf7 53. Rd7+ Kf8 54. Rd8+ $11) (48... Rxa3 49. Rd7+ Ke8 50. exf7+ Kf8 51. fxg6 $11) 49. Rc5 Rg3+ (49... Rxa3 50. Rc7+ Kf8 51. fxg6 $11) (49... fxe6 50. f6+ Kf8 51. Rc8+ Kf7 52. Rc7+ Kf8 53. Rc8+ Kf7 54. Rc7+ Kf8 55. Rc8+ $11) 50. Kh2 gxf5 (50... fxe6 51. f6+ Kd6 52. f7 $3 $11 {[%mdl 512]}) (50... Rxg4 $2 51. Rc7+ Kd6 52. exf7 $1 $18 {[%mdl 512]}) (50... Rh3+ $142 51. Kg2 Rhg3+ 52. Kh2 Rgc3) 51. gxf5 $2 (51. exf7 $17 Rh3+ 52. Kg2) 51... Rh3+ (51... fxe6 52. f6+ Kf7 53. Rc7+ Kg6 54. f7 $11) (51... Rxa3 52. Rc7+ Kf6 53. Rxf7+ Kg5 54. e7 $11) 52. Kg2 Rhg3+ (52... fxe6 53. f6+ Kd6 54. f7 $3 $11 {[%mdl 512]}) ({Stronger than} 52... Rxa3 53. Rc7+ Ke8 54. Rc8+ Ke7 55. Rc7+ Ke8 56. Rc8+ Ke7 57. Rc7+ $11) 53. Kh2 {[#] intending Rc7+.} Rgc3 $1 {[%cal Rc3c5]} ({And not} 53... fxe6 54. f6+ Kd8 55. f7 $11) (53... Rxa3 54. Rc7+ Ke8 55. f6 $11) 54. Re5 fxe6 ({Weaker is} 54... Rxa3 55. f6+ Ke8 56. Rh5 $11) 55. fxe6 Rf3 (55... a4 $142 56. Rf7+ Ke8) 56. Rxf3 Rxf3 57. Rxb5 Rxa3 {KR-KR} 58. Rb6 a4 59. Ra6 $2 (59. Rb4 {only move.}) 59... Kf6 60. Rc6 h3 $2 (60... Ra2+ $19 61. Kh3 a3) 61. Ra6 $11 Ke7 {Hoping for ...Kf6.} 62. Kh1 $2 {[%mdl 8192]} (62. Rb6 $11 {and White is okay.} Re3 63. Ra6) 62... Ra2 $19 63. Rc6 Rb2 $2 ({Black should play} 63... Ra1+ $19 64. Kh2 a3) 64. Ra6 $1 $11 {The position is equal.} Rb4 65. Kh2 Rh4 66. Rb6 Kf6 67. Ra6 Ke7 68. Rb6 Re4 69. Ra6 $1 Rh4 70. Rb6 Re4 {And now ...a3 would win.} 71. Ra6 $1 Rxe6 72. Rxa4 {Precision: White = 65%, Black = 76%.} 1/2-1/2

[Event "Fall Chess Classic-B 2018"]
[Site "Saint Louis"]
[Date "2018.10.13"]
[Round "4"]
[White "Gabuzyan, Hovhannes"]
[Black "Boros, Denes"]
[Result "1-0"]
[WhiteElo "2592"]
[BlackElo "2439"]
[Annotator "TA"]
[PlyCount "93"]
[EventDate "2018.10.10"]
[EventType "tourn"]
[EventCountry "USA"]
[SourceTitle "playchess.com"]
[Source "ChessBase"]
[SourceQuality "1"]

{[%evp 9,93,21,29,2,15,0,0,0,0,0,-9,0,0,-40,-30,-45,-41,-53,-53,-62,-60,-65,-43,-70,-70,-76,-74,-64,-33,-49,0,-33,0,2,8,9,9,10,8,7,6,8,8,12,16,15,22,16,20,10,102,106,150,132,177,179,196,141,243,241,243,237,239,235,225,141,254,222,236,244,239,233,225,152,217,249,307,299,290,277,12835,12835,12839,12836,12837,12837]} 1. Nf3 Nf6 2. g3 b5 3. Bg2 Bb7 4. O-O e6 5. d3 Be7 6. c4 {A05: Réti Opening: 1 Nf3 Nf6} (6. e4 O-O 7. Qe2 d6 8. Nbd2 c5 9. b3 Nc6 10. Bb2 Nd7 11. d4 cxd4 12. Nxd4 Nxd4 13. Bxd4 a5 14. Rfd1 Ba6 15. c4 bxc4 16. Nxc4 a4 {½-½ (33) Lopez Martinez,J (2589)-Vallejo Pons,F (2717) Linares 2017}) 6... a6 7. Qb3 Nc6 $146 ({Predecessor:} 7... O-O 8. e4 bxc4 9. Qxb7 Nc6 10. e5 Na5 11. Qxa8 Qxa8 12. exf6 Bxf6 13. dxc4 Qe4 {½-½ (26) Drasko,M (2527)-Menkinovski,R (2346) Belgrade 2009}) 8. cxb5 {The position is equal.} Na5 9. Qc2 axb5 10. a3 c5 11. Bg5 O-O 12. Nbd2 Rc8 13. Nb3 h6 14. Bd2 Nxb3 15. Qxb3 Bc6 16. Ne5 Bxg2 17. Kxg2 d6 18. Nf3 Rb8 19. Qc2 Rc8 20. a4 bxa4 21. Rxa4 Qd7 22. Rfa1 Rb8 23. b4 cxb4 24. Rxb4 Rxb4 25. Bxb4 Qb7 26. Bd2 Rc8 27. Qb1 Qc7 28. Ra4 d5 29. Qa1 Bc5 {[#]} (29... Nd7 $11 {remains equal.}) 30. Bxh6 $1 $16 {[%mdl 512] aiming for Rg4!} Bf8 (30... gxh6 31. Qxf6) 31. Bf4 $36 {[%mdl 2048] Black is under strong pressure.} Qc2 32. Ra2 Qc5 33. h3 ({White should try} 33. Ra7 $18) 33... Qc6 (33... Qb5 $16 34. Ra5 Qe8) 34. Ne5 $18 Qb6 35. Ra8 Rxa8 36. Qxa8 Qc5 37. Bg5 Nh7 (37... Qd6 $16 {keeps fighting.}) 38. Bd2 Qd6 {[#]} 39. Nc6 $1 Qd7 40. Bb4 f6 41. f4 g6 (41... Kf7 $16 42. Qa4 Qe8) 42. g4 {[%cal Bg3g4,Bg4g5][%mdl 32]} Kf7 43. Bxf8 Nxf8 44. g5 {gxf6 is the strong threat.} Qc7 $2 (44... Qe8 45. Qa7+ Kg8) 45. gxf6 {White is clearly winning.} Nd7 46. Qh8 {White wants to mate with Qg7+.} Nxf6 47. Ne5+ {Precision: White = 64%, Black = 36%.} 1-0

[Event "Fall Chess Classic-B 2018"]
[Site "Saint Louis"]
[Date "2018.10.13"]
[Round "4"]
[White "Azarov, Sergei"]
[Black "Holt, Conrad"]
[Result "1/2-1/2"]
[WhiteElo "2565"]
[BlackElo "2561"]
[Annotator "TA"]
[PlyCount "102"]
[EventDate "2018.10.10"]
[EventType "tourn"]
[EventCountry "USA"]
[SourceTitle "playchess.com"]
[Source "ChessBase"]
[SourceQuality "1"]

{[%evp 18,102,17,18,10,15,20,14,26,25,18,10,21,28,24,25,72,88,91,82,85,84,90,80,83,77,77,77,103,105,104,103,123,27,29,30,35,38,38,33,43,43,46,46,93,83,83,84,95,107,104,80,80,80,80,80,80,80,80,75,75,75,76,39,39,39,39,39,39,39,39,39,39,39,39,39,39,39,39,39,39,0,39,39,48,39,39]} 1. e4 e6 2. d4 d5 3. Nd2 c5 4. Ngf3 cxd4 5. Nxd4 Nc6 6. Bb5 Bd7 7. Nxc6 bxc6 8. Bd3 Qc7 9. Qe2 {C07: French Tarrasch: 3...c5, 4 Ngf3 and 4 exd5 Qxd5} Bd6 10. Nf3 {LiveBook: 32 Games} f6 (10... dxe4 11. Qxe4 Nf6 12. Qh4 h6 13. Bd2 c5 14. O-O-O Rb8 15. Rhe1 Bc6 16. Bc3 Bxf3 17. gxf3 {1-0 (42) McShane,L (2644)-Howell,D (2702) Llandudno 2017}) 11. exd5 $146 {The position is equal.} ({Predecessor:} 11. c4 Ne7 12. O-O O-O 13. Re1 Rae8 14. e5 fxe5 15. Nxe5 Bxe5 16. Qxe5 Qxe5 17. Rxe5 {½-½ (29) Adla,D (2491)-Fernandez Romero,E (2396) Zafra 2004}) 11... cxd5 12. c4 Ne7 13. O-O O-O 14. Be3 Rae8 15. Rac1 Qb8 16. Rfd1 e5 {[#] aiming for ...e4.} 17. cxd5 f5 18. Bc4 f4 19. Bc5 Bxc5 20. d6+ $1 Kh8 21. dxe7 Rxe7 {[#] White must now prevent ...e4.} 22. Rd5 Qb6 {Black wants to play ...e4.} 23. Rxe5 Rxe5 24. Nxe5 f3 25. gxf3 (25. Nxf3 $16 {Hoping for Bd3.} Bc6 26. Rc3) 25... Qh6 $11 26. Rd1 Qg5+ 27. Kh1 Bh3 {[%csl Gh3][%cal Rg5g2]} 28. Rg1 Qf6 29. Rg3 Bc8 30. Qe4 Bb6 31. Rg6 Qf5 32. Qxf5 Bxf5 33. Nf7+ Kg8 34. Nd6+ Kh8 35. Rg5 g6 36. Nxf5 Rxf5 37. Rxf5 gxf5 $16 {[%mdl 4096] Endgame KB-KB} 38. Bd3 f4 39. Kg2 Kg7 40. h4 h5 41. b4 Bd8 42. Kh3 Bb6 43. b5 Bxf2 44. a4 Be1 45. Be4 Kf7 46. Bc6 Ke7 47. Bb7 Kf7 48. Bc8 Kg7 49. Bb7 Kf7 50. Be4 Kg7 51. Bc6 Kf7 {Precision: White = 75%, Black = 79%.} 1/2-1/2